Die 10 größten Städte - Idaho - Statistiken

Allgemein
  • Dieses Quiz wurde 12 mal gespielt
  • Das Durchschnittsergebnis liegt bei 3 aus 10
Antwortstatistiken
Einwohnerzahl Stadt % Korrekt
237.446 Boise City
100%
66.898 Idaho Falls
40%
106.186 Nampa
30%
52.213 Twin Falls
30%
63.629 Caldwell
20%
225.963 Meridian
20%
55.904 Coeur d'Alene
10%
57.092 Pocatello
10%
35.300 Rexburg
10%
42.610 Post Falls
0%
Keine übereinstimmenden Quizze gefunden
Verteilung der Resultate
Anzahl Personen mit jedem Resultat
Perzentil nach korrekt beantworteten Fragen
Ihre Resultats-Entwicklung
Sie haben dieses Quiz noch nicht gespielt